| 000 | 00649nam a22002177a 4500 | ||
|---|---|---|---|
| 999 |
_c11204 _d11204 |
||
| 003 | AR-CdUCM | ||
| 008 | 190403b ||||| |||| 00| 0 spa d | ||
| 040 |
_aMUNICIPALIDAD PROVINCIAL DEL CUSCO _cBIBLIOTECA MUNICIPAL DEL CUSCO |
||
| 082 |
_aC / 869.503 / _bY12P |
||
| 100 |
_aYabar Zevallos, Américo _916577 |
||
| 245 | _aPoemario de camino / | ||
| 260 |
_aCusco : _bDon Jaque, _c1971. |
||
| 300 |
_a23 páginas ; _c21 cm. |
||
| 505 | _aContenido: Poemas. | ||
| 650 |
_aLiteratura Peruana _9132 |
||
| 650 |
_aSiglo XX _98 |
||
| 650 |
_aPoemas _9929 |
||
| 700 |
_aSomocurcio V., Gayle (caratula) _928446 |
||
| 942 |
_2ddc _cLIBROS |
||
| 945 | _aachl | ||